Welcome to CU Library Online Public Access Catalogue (OPAC)

Computer Organization and Architecture Designing for Performance/ (Record no. 900)

MARC details
000 -LEADER
fixed length control field 00638nam a22001817a 4500
005 - DATE AND TIME OF LATEST TRANSACTION
control field 20241108152614.0
008 - FIXED-LENGTH DATA ELEMENTS--GENERAL INFORMATION
fixed length control field 241108b |||||||| |||| 00| 0 eng d
020 ## - INTERNATIONAL STANDARD BOOK NUMBER
International Standard Book Number 9780273769194
050 ## - LIBRARY OF CONGRESS CALL NUMBER
Classification number QA76.9
Item number .C643 .S73
100 ## - MAIN ENTRY--PERSONAL NAME
Personal name Stallings, William
245 ## - TITLE STATEMENT
Title Computer Organization and Architecture Designing for Performance/
Remainder of title international Edition
Statement of responsibility, etc. William Stallings; R. Mohan (contributor)
250 ## - EDITION STATEMENT
Edition statement 9th Ed.
260 ## - PUBLICATION, DISTRIBUTION, ETC.
Place of publication, distribution, etc. Harlow
Name of publisher, distributor, etc. Pearson Education Limited
Date of publication, distribution, etc. 2013
300 ## - PHYSICAL DESCRIPTION
Extent 786pages
Other physical details ill. some color
Dimensions 23cm
650 ## - SUBJECT ADDED ENTRY--TOPICAL TERM
Source of heading or term Computer Organization & Architecture
700 ## - ADDED ENTRY--PERSONAL NAME
Personal name Mohan, R. (contributor)
942 ## - ADDED ENTRY ELEMENTS (KOHA)
Source of classification or shelving scheme Library of Congress Classification
Koha item type Books
Edition 9th Ed.
Suppress in OPAC No
999 ## -
-- 900
-- 900
Holdings
Withdrawn status Lost status Source of classification or shelving scheme Damaged status Not for loan Collection Home library Current library Shelving location Date acquired Total checkouts Full call number Barcode Date last seen Copy number Price effective from Koha item type
    Library of Congress Classification     Non-fiction Science Library (Miotso) Science Library (Miotso) General stacks 11/08/2024   QA76.9 .C643 .S73 STA SLM00000491 11/08/2024 1 11/08/2024 Books
    Library of Congress Classification     Non-fiction Science Library (Miotso) Science Library (Miotso) General stacks 11/08/2024   QA76.9 .C643 .S73 STA SLM00000492 11/08/2024 2 11/08/2024 Books
    Library of Congress Classification     Non-fiction Science Library (Miotso) Science Library (Miotso) General stacks 11/08/2024   QA76.9 .C643 .S73 STA SLM00000493 11/08/2024 3 11/08/2024 Books
    Library of Congress Classification     Non-fiction Science Library (Miotso) Science Library (Miotso) General stacks 11/08/2024   QA76.9 .C643 .S73 STA SLM00000494 11/08/2024 4 11/08/2024 Books
    Library of Congress Classification     Non-fiction Science Library (Miotso) Science Library (Miotso) General stacks 11/08/2024   QA76.9 .C643 .S73 STA SLM00000495 11/08/2024 5 11/08/2024 Books
    Library of Congress Classification     Non-fiction Science Library (Miotso) Science Library (Miotso) General stacks 11/08/2024   QA76.9 .C643 .S73 STA SLM00000496 11/08/2024 6 11/08/2024 Books
    Library of Congress Classification     Non-fiction Science Library (Miotso) Science Library (Miotso) General stacks 11/08/2024   QA76.9 .C643 .S73 STA SLM00000497 11/08/2024 7 11/08/2024 Books
    Library of Congress Classification     Non-fiction Science Library (Miotso) Science Library (Miotso) General stacks 11/08/2024   QA76.9 .C643 .S73 STA SLM00000498 11/08/2024 8 11/08/2024 Books
    Library of Congress Classification     Non-fiction Science Library (Miotso) Science Library (Miotso) General stacks 11/08/2024   QA76.9 .C643 .S73 STA SLM00000499 11/08/2024 9 11/08/2024 Books
    Library of Congress Classification     Non-fiction Science Library (Miotso) Science Library (Miotso) General stacks 11/08/2024   QA76.9 .C643 .S73 STA SLM00000500 11/08/2024 10 11/08/2024 Books
© 2023-2024 Copyright: Central University Libraries. All Rights Reserved | Created by: Mahone Tech Office